01311nam a2200397 i 450000100060000000300090000600500170001500800390003201500180007102000150008904000280010404100080013204600090014008000100014908000130015908000090017210000380018124501070021925000120032626000330033830000280037133600270039933700540042633800280048038000160050838800100052449000270053450001140056150400130067565000310068865500170071965800300073671000230076683000260078985600980081544516KOSZ 00520221216081140.0001124s2002 pl a f |001 0 pol aPB 2000/22269 a8385428070 aWA NcWA NdKOSZ 005/HR0 apol k1999 a005.2 a658.1/.5 a(07)1 aPenc, Józefd(1939-2017)eAutor10aStrategie zarządzania :bperspektywiczne myślenie, systemowe działanie.n[Cz. 1] /cJózef Penc. aWyd. 3. aWarszawa :b"Placet",c2002. a221 s. :bil. ;c24 cm. 2rdacontentaTekstbtxt 2rdamediaaBez urządzenia pośredniczącegobn 2rdacarrieraWoluminbnc aKsiążki a2001-1 aBiblioteka Biznesmena. aU dołu okł.: Teoria i praktyka zarządzania : drogi do sukcesu firmy : polsko-angielski słownik stratega. aIndeksy. 4aZarządzanie strategiczne 4aPodręcznik aZarządzanie i marketing2 aWydawnictwo Placet 0aBiblioteka Biznesmena uhttp://koha.tu.koszalin.pl/cgi-bin/koha/opac-detail.pl?biblionumber=44516yKatalog online BPK